|
|
|
|
| LEADER |
00715nam a2200205Ia 4500 |
| 001 |
CTU_184005 |
| 008 |
210402s9999 xx 000 0 und d |
| 020 |
|
|
|c 45500
|
| 082 |
|
|
|a 895.9223009
|
| 082 |
|
|
|b Kh103
|
| 100 |
|
|
|a Nguyễn, Khải
|
| 245 |
|
0 |
|a Nguyễn Khải tác phẩm chọn lọc
|
| 245 |
|
0 |
|c Nguyễn Khải ; Hà Công Tài giới thiệu và tuyển chọn
|
| 260 |
|
|
|a Hà Nội
|
| 260 |
|
|
|b Giáo dục Việt Nam
|
| 260 |
|
|
|c 2009
|
| 650 |
|
|
|a Vietnamese literature,Vietnamese fiction,Văn học Việt Nam
|
| 650 |
|
|
|x History and criticism,Lịch sử và phê bình
|
| 904 |
|
|
|i Hải
|
| 980 |
|
|
|a Trung tâm Học liệu Trường Đại học Cần Thơ
|